书目信息 |
| 题名: |
动漫人物四季服装绘画设计
|
|
| 作者: | 李贤美 著 ;胡梅丽 译 | |
| 分册: | ||
| 出版信息: | 北京 电子工业出版社 2019.08 |
|
| 页数: | 313页 | |
| 开本: | 26cm | |
| 丛书名: | ||
| 单 册: | ||
| 中图分类: | J218.7 | |
| 科图分类: | ||
| 主题词: | 动画--dong hua--人物--服装设计 | |
| 电子资源: | ||
| ISBN: | 978-7-121-37134-9 | |
| 000 | 01197nam0 2200265 450 | |
| 001 | 2034736201 | |
| 005 | 20201106093904.14 | |
| 010 | @a978-7-121-37134-9@dCNY98.00 | |
| 100 | @a20190904d2019 em y0chiy50 ea | |
| 101 | 1 | @achi@ckor |
| 102 | @aCN@b110000 | |
| 105 | @aa z 000yy | |
| 200 | 1 | @a动漫人物四季服装绘画设计@Adong man ren wu si ji fu zhuang hui hua she ji@e基本知识+配色设计+穿搭方案@f(韩) 李贤美著@g胡梅丽等译 |
| 210 | @a北京@c电子工业出版社@d2019.08 | |
| 215 | @a313页@c图 (部分彩图)@d26cm | |
| 300 | @a有艺 | |
| 305 | @a由Wisdom Garden授予出版 | |
| 330 | @a书中用流行服装和时尚单品武装的富有个性的四季动漫人物形象彩铅画, 在这本书中, 作者将教你几个在素描和着色中都需要知道的小妙招。干练且修身显瘦的T恤, 花哨的印染裤, 可爱的荷叶边装饰的露肩荷叶边连衣裙, 经典又干练的千鸟格外套等, 让我们透过这些可爱女孩的时尚造型, 进一步了解动漫人物服装中的基本知识+配色设计+穿搭方案。 | |
| 517 | 1 | @a基本知识+配色设计+穿搭方案@Aji ben zhi shi + pei se she ji + chuan da fang an |
| 606 | 0 | @a动画@Adong hua@x人物@x服装设计 |
| 690 | @aJ218.7@v5 | |
| 701 | 0 | @a李贤美@Ali xian mei@4著 |
| 702 | 0 | @a胡梅丽@Ahu mei li@4译 |
| 801 | 0 | @aCN@b人天书店@c20200929 |
| 905 | @aZUCC@dJ218.7@eL294 | |
| 动漫人物四季服装绘画设计:基本知识+配色设计+穿搭方案/(韩) 李贤美著/胡梅丽等译.-北京:电子工业出版社,2019.08 |
| 313页:图 (部分彩图);26cm |
| 有艺 |
| ISBN 978-7-121-37134-9:CNY98.00 |
| 书中用流行服装和时尚单品武装的富有个性的四季动漫人物形象彩铅画, 在这本书中, 作者将教你几个在素描和着色中都需要知道的小妙招。干练且修身显瘦的T恤, 花哨的印染裤, 可爱的荷叶边装饰的露肩荷叶边连衣裙, 经典又干练的千鸟格外套等, 让我们透过这些可爱女孩的时尚造型, 进一步了解动漫人物服装中的基本知识+配色设计+穿搭方案。 |
| ● |
| 相关链接 |
|
|
|
正题名:动漫人物四季服装绘画设计
索取号:J218.7/L294
 
预约/预借
| 序号 | 登录号 | 条形码 | 馆藏地/架位号 | 状态 | 备注 |
| 1 | 1481472 | 214814726 | 社科库309/309社科库 73排4列6层/ [索取号:J218.7/L294] | 在馆 | |
| 2 | 1481473 | 214814735 | 社科库309/309社科库 73排4列6层/ [索取号:J218.7/L294] | 在馆 |